000 004780000a22001570004500
041 0 _aSPA
082 0 4 _aG 285 T4541h
245 1 0 _aLa historia y las doctrinas de la Iglesia Presbiteriana Cumberland / Lynndon Littleton Thomas, Compilador
260 _aQuindio, Colombia : Iglesia Presbiteriana Cumberland
300 _a152 Pag
001 8811
942 _cBK
999 _c38929
_d38929
336 _atexto
_btxt
_2rdacontent
337 _2rdamedia
_asin mediación
_bn
338 _2rdacarrier
_avolumen
_bnc